| 000 | 02182cam a22003011 4500 | ||
|---|---|---|---|
| 001 | 8368349 | ||
| 003 | ARRUPE | ||
| 005 | 20160909104805.0 | ||
| 008 | 741009s1951 nyuc b 010 0 eng | ||
| 010 | _a 51002957 | ||
| 035 | _a(OCoLC)1036606 | ||
| 040 |
_aDLC _cOClU _dOCoLC _dDLC |
||
| 042 | _apremarc | ||
| 050 | 0 | 0 |
_aBC135 _b.H35 |
| 082 | _a160.4 | ||
| 100 | 1 |
_aHenle, Paul, _eed. _925615 |
|
| 245 | 1 | 0 |
_aStructure, method, and meaning; _bessays in honor of Henry M. Sheffer, _cwith a foreword by Felix Frankfurter. Edited by Paul Henle, Horace M. Kallen [and] Susanne K. Langer. |
| 260 |
_aNew York, _bLiberal Arts Press, _c1951. |
||
| 300 |
_axvi, 306 p. _bport. _c24 cm. |
||
| 500 | _a--Method: Pure and applied mathematics, by N. Wiener. The importance of deductively formulated theory in ethics and social and legal science, by F.S.C. Northrop. Francis Bacon's philosophy of science, by C.J. Ducasse. The history of science versus the history of learning, by G. Sarton. The method of methodology, by C.H. Kaiser. Abstraction in science and abstraction in art, by S.K. Langer. Reflections on the nature and method of philosophy, by M. Farber. | ||
| 500 | _a--Meaning: The meaning of mind, by C.C. Pratt. A note on neutralism, by R.B. Perry. The meanings of unity among the sciences, by H.M. Kallen. Strict and genetic identity; an illustration of the relations of logic to metaphysics, by C. Hartshorne. Field theory and judicial logic, by F.S. Cohen. The sea fight tomorrow, by D.C. Williams. | ||
| 504 | _aBibliographical footnotes. | ||
| 505 | 0 | _aHenry M. Sheffer: a bibliography (p. xv-xvi)--Structure: A formulation of the logic of sense and denotation, by A. Church. Notes on the logic of intension, by C.I. Lewis. The logic of terms, by J.W. Miller. Two-valued truth tables for modal functions, by H.S. Leonard. N-valued Boolean algebra, by P. Henle. Triangular matrices determined by two sequences, by L.L. Silverman. The ordered pair in number theory, by W.V. Quine. | |
| 600 | 1 | 0 |
_aSheffer, Henry Maurice. _925616 |
| 650 | 0 |
_aLogic, Symbolic and mathematical. _925617 |
|
| 906 |
_a7 _bcbc _coclcrpl _du _encip _f19 _gy-gencatlg |
||
| 942 |
_2lcc _cMONOGRAPH |
||
| 999 |
_c125192 _d125192 |
||